Giáo trình lý thuyết nhận dạng ứng dụng trong quản lý

Guardat en:
Dades bibliogràfiques
Autor principal: Đỗ Hoàng Toàn
Format: Llibre
Idioma:Undetermined
Publicat: Hà Nội Khoa học Kỹ thuật 2002
Matèries:
Etiquetes: Afegir etiqueta
Sense etiquetes, Sigues el primer a etiquetar aquest registre!
Thư viện lưu trữ: Trung tâm Học liệu Trường Đại học Cần Thơ
LEADER 00575nam a2200193Ia 4500
001 CTU_62048
008 210402s9999 xx 000 0 und d
020 |b 42000 
082 |a 133.54 
082 |b T406 
100 |a Đỗ Hoàng Toàn 
245 0 |a Giáo trình lý thuyết nhận dạng ứng dụng trong quản lý 
245 0 |c Đỗ Hoàng Toàn 
260 |a Hà Nội 
260 |b Khoa học Kỹ thuật 
260 |c 2002 
650 |a divinatory graphology 
904 |i Minh 
980 |a Trung tâm Học liệu Trường Đại học Cần Thơ